000 01604cam a2200373 a 4500
001 EDZ0000117317
003 StDuBDS
005 20161031105156.0
006 m||||||||d||||||||
007 cr |||||||||||
008 130111s2007 enka fo| 000|0|eng d
020 _a9781446263082 (ebook) :
_cNo price
040 _aStDuBDS
_beng
_cStDuBDS
_epn
049 _aAlfaisal Main Library
050 0 _aJF1351
_b.P8213 2007
082 0 4 _a351
_223
245 0 0 _aPublic governance
_h[electronic resource] /
_cedited by Mark Bevir.
260 _aLondon :
_bSAGE,
_c2007.
300 _a1 online resource (4 v.) :
_bill.
490 1 _aSAGE library of political science
505 0 _av. 1. Theories of governance -- v. 2. Public sector reform -- v. 3. Public policy -- v. 4. Good governance.
520 8 _aPublic governance has become a major topic of concern for political and non-profit actors, as evidenced, for example, by its role in shaping the lending criteria of institutions such as the World Bank. This four-volume set collects the most significant and insightful articles into a single-volume set.
521 _aSpecialized.
588 _aDescription based on print version record.
504 _aIncludes bibliographical references.
650 0 _aPublic administration.
655 7 _aElectronic books.
_2local
700 1 _aBevir, Mark.
710 2 _aSage eBooks
776 0 8 _iPrint version :
_z9781412921459
830 0 _aSAGE library of political science.
856 4 0 _uhttp://ezproxy.alfaisal.edu/login?url=http://sk.sagepub.com/navigator/public-governance
942 _2lcc
_cEBOOKS
999 _c480999
_d480999